Every Song by Dead Kennedys - Statistics

General Stats
  • This quiz has been taken 33 times
  • The average score is 25 of 80
Answer Stats
Album Song % Correct
Fresh Fruit for Rotting Vegetables(1980) Holiday in Cambodia
95%
Fresh Fruit for Rotting Vegetables(1980) Kill the Poor
85%
Fresh Fruit for Rotting Vegetables(1980) California Über Alles
80%
Give me convenience OR give me death(1987) Police Truck
75%
In God We Trust, Inc.(1981) Nazi Punks Fuck Off
65%
Give me convenience OR give me death(1987) Too Drunk to Fuck
65%
Fresh Fruit for Rotting Vegetables(1980) Let's Lynch the Landlord
60%
Frankenchrist(1985) Soup Is Good Food
60%
Plastic Surgery Disasters(1982) Buzzbomb
50%
Fresh Fruit for Rotting Vegetables(1980) Chemical Warfare
50%
Fresh Fruit for Rotting Vegetables(1980) I Kill Children
50%
Plastic Surgery Disasters(1982) Forest Fire
45%
Plastic Surgery Disasters(1982) Government Flu
45%
In God We Trust, Inc.(1981) Rawhide
45%
Fresh Fruit for Rotting Vegetables(1980) Stealing People's Mail
45%
Fresh Fruit for Rotting Vegetables(1980) Drug Me
40%
Frankenchrist(1985) M.T.V. - Get off the Air
40%
Plastic Surgery Disasters(1982) Riot
40%
Plastic Surgery Disasters(1982) Terminal Preppie
40%
Plastic Surgery Disasters(1982) Trust Your Mechanic
40%
Give me convenience OR give me death(1987) Buzzbomb from Pasadena
35%
In God We Trust, Inc.(1981) Dog Bite
35%
Fresh Fruit for Rotting Vegetables(1980) Funland at the Beach
35%
Fresh Fruit for Rotting Vegetables(1980) Ill in the Head
35%
Frankenchrist(1985) Jock-O-Rama (Invasion of the Beef Patrol)
35%
Plastic Surgery Disasters(1982) Winnebago Warrior
35%
Plastic Surgery Disasters(1982) Advice from Christmas Past
30%
Frankenchrist(1985) A Growing Boy Needs His Lunch
30%
Frankenchrist(1985) At My Job
30%
Bedtime for Democracy(1986) Chickenshit Conformist
30%
Plastic Surgery Disasters(1982) Halloween
30%
Plastic Surgery Disasters(1982) Moon Over Marin
30%
Give me convenience OR give me death(1987) Pull My Strings
30%
In God We Trust, Inc.(1981) Religious Vomit
30%
Give me convenience OR give me death(1987) Short Songs
30%
Give me convenience OR give me death(1987) Straight A's
30%
Give me convenience OR give me death(1987) The Man with the Dogs
30%
In God We Trust, Inc.(1981) We've Got a Bigger Problem Now
30%
Fresh Fruit for Rotting Vegetables(1980) When Ya Get Drafted
30%
Frankenchrist(1985) Goons of Hazzard
25%
Frankenchrist(1985) Hellnation
25%
Plastic Surgery Disasters(1982) I Am the Owl
25%
In God We Trust, Inc.(1981) Kepone Factory
25%
Give me convenience OR give me death(1987) Kinky Sex Makes the World Go 'Round
25%
Plastic Surgery Disasters(1982) Well Paid Scientist
25%
Fresh Fruit for Rotting Vegetables(1980) Your Emotions
25%
Give me convenience OR give me death(1987) A Child and His Lawnmower
20%
Frankenchrist(1985) Chicken Farm
20%
Fresh Fruit for Rotting Vegetables(1980) Forward to Death
20%
Live at the Deaf Club(2004) Gaslight
20%
In God We Trust, Inc.(1981) Hyperactive Child
20%
Give me convenience OR give me death(1987) Insight
20%
Bedtime for Democracy(1986) Macho Insecurity
20%
Give me convenience OR give me death(1987) Night of the Living Rednecks
20%
Bedtime for Democracy(1986) Rambozo the Clown
20%
Frankenchrist(1985) Stars and Stripes of Corruption
20%
Give me convenience OR give me death(1987) The Prey
20%
Bedtime for Democracy(1986) A Commercial
15%
Bedtime for Democracy(1986) Anarchy for Sale
15%
Plastic Surgery Disasters(1982) Bleed for Me
15%
Bedtime for Democracy(1986) Cesspools in Eden
15%
Plastic Surgery Disasters(1982) Dead End
15%
Bedtime for Democracy(1986) Dear Abby
15%
Bedtime for Democracy(1986) Hop with the Jet Set
15%
Bedtime for Democracy(1986) D.M.S.O.
15%
Bedtime for Democracy(1986) Do the Slag
15%
Bedtime for Democracy(1986) Fleshdunce
15%
Bedtime for Democracy(1986) Gone with My Wind
15%
Bedtime for Democracy(1986) I Spy
15%
Bedtime for Democracy(1986) Lie Detector
15%
Give me convenience OR give me death(1987) Life Sentence
15%
In God We Trust, Inc.(1981) Moral Majority
15%
Bedtime for Democracy(1986) One-Way Ticket to Pluto
15%
Bedtime for Democracy(1986) Potshot Heard 'Round the World
15%
Give me convenience OR give me death(1987) Saturday Night Holocaust
15%
Bedtime for Democracy(1986) Shrink
15%
Bedtime for Democracy(1986) The Great Wall
15%
Frankenchrist(1985) This Could Be Anywhere (This Could Be Everywhere)
15%
Bedtime for Democracy(1986) Triumph of the Swill
15%
Bedtime for Democracy(1986) Where Do Ya Draw the Line
15%
No matching quizzes found
Score Distribution
Percent of People with Each Score
Percentile by Number Answered
Your Score History
You have not taken this quiz